[Event "4NCL-9899B BR2-WR"]
[Site "Rd11-Birmingham"]
[Date "1999.05.03"]
[Round "11.1"]
[White "Jakubovics, Nick"]
[Black "Gretarsson, Helgi"]
[Result "0-1"]
[WhiteElo "2210"]
[BlackElo "2459"]
[PlyCount "36"]
[EventDate "1999.05.03"]

1. e4 e5 2. Nf3 Nc6 3. d4 exd4 4. Nxd4 Qf6 5. Nb5 Bc5 6. Qe2 Qd8 7. Qh5 d6 8.
Bg5 Nge7 9. N1c3 O-O 10. Nd5 f6 11. Be3 Bxe3 12. Nxe3 a6 13. Nc3 f5 14. Bd3 f4
15. Ned5 Ng6 16. g3 Nce5 17. f3 c6 18. Nxf4 Rxf4 0-1

[Event "4NCL-9899B BR2-WR"]
[Site "Rd11-Birmingham"]
[Date "1999.05.03"]
[Round "11.2"]
[White "Lane, Gary"]
[Black "Dilleigh, Stephen"]
[Result "1-0"]
[WhiteElo "2411"]
[BlackElo "2215"]
[PlyCount "41"]
[EventDate "1999.05.03"]

1. e4 c5 2. Nc3 Nc6 3. Nf3 d6 4. d4 cxd4 5. Nxd4 Nf6 6. f4 Qb6 7. Nf3 e6 8. Bd3
d5 9. e5 Nd7 10. Qe2 f5 11. g4 fxg4 12. Ng5 Nc5 13. Bxh7 Rxh7 14. Nxh7 Nd4 15.
Qxg4 Nxc2+ 16. Kd1 Nxa1 17. Qg6+ Ke7 18. f5 Ne4 19. Nxe4 Qd4+ 20. Nd2 Bd7 21.
f6+ 1-0

[Event "4NCL-9899B BR2-WR"]
[Site "Rd11-Birmingham"]
[Date "1999.05.03"]
[Round "11.3"]
[White "Buckley, Simon"]
[Black "Dunnington, Angus"]
[Result "1-0"]
[WhiteElo "2144"]
[BlackElo "2358"]
[PlyCount "59"]
[EventDate "1999.05.03"]

1. e4 g6 2. d4 Bg7 3. Nc3 c6 4. Nf3 d5 5. h3 dxe4 6. Nxe4 Nd7 7. Bc4 Ndf6 8.
Ng3 Nd5 9. O-O Ngf6 10. Re1 O-O 11. Bf1 Nb6 12. Be3 Be6 13. Rc1 Nc4 14. Bxc4
Bxc4 15. b3 Be6 16. c4 Re8 17. Qd2 Qd7 18. Bf4 Rad8 19. d5 Bf5 20. Ne5 Qc8 21.
Qe3 c5 22. Rcd1 Bd7 23. Bh6 Qc7 24. Bxg7 Kxg7 25. Qc3 Kg8 26. f4 Bc8 27. f5 Qd6
28. Qe3 Kg7 29. Qf4 Nd7 30. fxg6 1-0

[Event "4NCL-9899B BR2-WR"]
[Site "Rd11-Birmingham"]
[Date "1999.05.03"]
[Round "11.4"]
[White "Potts, Alan"]
[Black "Easton, Alex"]
[Result "1/2-1/2"]
[WhiteElo "2270"]
[BlackElo "2160"]
[PlyCount "44"]
[EventDate "1999.05.03"]

1. e4 e6 2. d4 d5 3. Nc3 Bb4 4. Qd3 Ne7 5. Nge2 O-O 6. a3 Bxc3+ 7. Nxc3 b6 8.
exd5 exd5 9. Qf3 Nbc6 10. Be3 Bf5 11. Bd3 Bxd3 12. cxd3 Qd7 13. O-O {
(Draw offer)} Rad8 14. Rac1 Nf5 15. Qxd5 Ncxd4 16. Qc4 b5 17. Qa2 Nh4 18. f3
Nhf5 19. Bf2 a5 20. b4 axb4 21. axb4 Ra8 22. Qb2 Ra6 1/2-1/2

[Event "4NCL-9899B BR2-WR"]
[Site "Rd11-Birmingham"]
[Date "1999.05.03"]
[Round "11.5"]
[White "Hanley, Craig"]
[Black "Gayson, Peter"]
[Result "1/2-1/2"]
[WhiteElo "2110"]
[BlackElo "2250"]
[PlyCount "71"]
[EventDate "1999.05.03"]

1. c4 e5 2. Nc3 d6 3. g3 f5 4. Bg2 Nf6 5. d3 Be7 6. e4 Nc6 7. Nge2 O-O 8. O-O
Qe8 9. Nd5 Bd8 10. Nec3 Nd4 11. f4 c6 12. Nxf6+ Bxf6 13. Be3 exf4 14. Bxf4 Be5
15. Qd2 Qg6 16. Rae1 fxe4 17. Bxe5 Rxf1+ 18. Rxf1 dxe5 19. Bxe4 Bf5 20. Bxf5
Nxf5 21. Qf2 Nd4 22. Ne4 h6 23. c5 b6 24. b4 Rd8 25. Nd6 bxc5 26. bxc5 Qxd3 27.
Qf7+ Kh7 28. Ne8 Ne2+ 29. Kg2 Qd5+ 30. Qxd5 Rxd5 31. Rf7 Kg6 {(Draw offer)} 32.
Rxg7+ Kf5 33. Nd6+ Kf6 34. Rxa7 Nc3 35. Ra3 Nd1 36. Rf3+ 1/2-1/2

[Event "4NCL-9899B BR2-WR"]
[Site "Rd11-Birmingham"]
[Date "1999.05.03"]
[Round "11.6"]
[White "Barrett, Stephen"]
[Black "Buckley, David"]
[Result "1/2-1/2"]
[WhiteElo "2202"]
[BlackElo "2143"]
[PlyCount "42"]
[EventDate "1999.05.03"]

1. d4 d5 2. c4 c6 3. Nf3 Nf6 4. cxd5 cxd5 5. Nc3 Nc6 6. Bf4 Bg4 7. Ne5 Qb6 8.
Nxg4 Nxg4 9. e4 e5 10. Bb5 Bb4 11. O-O Nf6 12. Bxe5 Bxc3 13. Bxc6+ Qxc6 14.
exd5 Nxd5 15. bxc3 O-O 16. Rc1 Qc4 17. Qb3 Rfc8 18. Qxb7 Nxc3 19. Kh1 f6 20.
Bg3 Qxd4 21. h3 Qd5 1/2-1/2

[Event "4NCL-9899B BR2-WR"]
[Site "Rd11-Birmingham"]
[Date "1999.05.03"]
[Round "11.7"]
[White "Grossett, Duncan"]
[Black "Townsend, M Paul"]
[Result "1/2-1/2"]
[WhiteElo "2048"]
[BlackElo "2225"]
[PlyCount "40"]
[EventDate "1999.05.03"]

1. e4 e6 2. d4 d5 3. Nd2 c5 4. Ngf3 Nc6 5. Bb5 cxd4 6. Nxd4 Bd7 7. Bxc6 bxc6 8.
exd5 cxd5 9. O-O Bd6 10. N2f3 Ne7 11. Qe2 O-O 12. Bg5 Qb8 13. Bxe7 Bxe7 14. Ne5
Qc7 15. Rfd1 Rab8 16. c3 Bd6 17. Nxd7 Qxd7 18. Nf3 Rfc8 19. Rd4 Qb5 20. Rd2
Qxe2 1/2-1/2

[Event "4NCL-9899B BR2-WR"]
[Site "Rd11-Birmingham"]
[Date "1999.05.03"]
[Round "11.8"]
[White "Forbes, Cathy"]
[Black "Howard, Marieanne"]
[Result "1/2-1/2"]
[WhiteElo "2104"]
[BlackElo "1472"]
[PlyCount "26"]
[EventDate "1999.05.03"]

1. d4 Nf6 2. Nf3 d5 3. c3 Bf5 4. Bf4 c6 5. Nbd2 e6 6. h3 h6 7. Qb3 Qb6 8. a4
Nbd7 9. Ne5 Qxb3 10. Nxb3 a5 11. e3 Nb6 12. Bd3 Bxd3 13. Nxd3 Nc4 1/2-1/2

[Event "4NCL-9899B COU-WG2"]
[Site "Rd11-Birmingham"]
[Date "1999.05.03"]
[Round "11.1"]
[White "Harley, Andrew"]
[Black "Law, Andrew"]
[Result "1/2-1/2"]
[WhiteElo "2305"]
[BlackElo "2328"]
[PlyCount "25"]
[EventDate "1999.05.03"]

1. e4 e5 2. Nf3 Nc6 3. Bb5 a6 4. Ba4 Nf6 5. O-O Nxe4 6. d4 b5 7. Bb3 d5 8. dxe5
Be6 9. Nbd2 Nc5 10. c3 d4 11. Ng5 Bd5 12. Nxf7 Kxf7 13. Qf3+ 1/2-1/2

[Event "4NCL-9899B COU-WG2"]
[Site "Rd11-Birmingham"]
[Date "1999.05.03"]
[Round "11.2"]
[White "Poulton, James"]
[Black "Pigott, John"]
[Result "1/2-1/2"]
[WhiteElo "2370"]
[BlackElo "2372"]
[PlyCount "121"]
[EventDate "1999.05.03"]

1. d4 Nf6 2. Nf3 e6 3. c4 d5 4. Nc3 c6 5. Bg5 h6 6. Bxf6 Qxf6 7. e3 Nd7 8. Be2
dxc4 9. Bxc4 g6 10. O-O Bg7 11. b4 O-O 12. Rc1 Rd8 13. Qb3 Nb6 14. Bd3 Bd7 15.
a4 Rac8 16. b5 Qe7 17. Be4 Nd5 18. h3 Nxc3 19. Rxc3 cxb5 20. Rxc8 Rxc8 21. axb5
b6 22. Bd3 Rc7 23. Rd1 Qd8 24. Qa3 Qf8 25. Qb2 Qc8 26. Ra1 Rc3 27. Bf1 Rc7 28.
Ne1 Qe8 29. Nf3 Qa8 30. Rc1 Qc8 31. Rxc7 Qxc7 32. Qa1 Bf6 33. Qa3 Be8 34. Nd2
Qc2 35. Qd3 Qxd3 36. Bxd3 Kf8 37. Kf1 Ke7 38. Ke2 Bg7 39. f4 Kd6 40. Nf3 f5 41.
Bc4 Bf6 42. h4 Bd7 43. g3 Bc8 44. Ne5 Bxe5 45. fxe5+ Kd7 46. Kf3 Bb7+ 47. Kf4
Be4 48. g4 Ke7 49. g5 h5 50. Kg3 Kd7 51. Kf2 Ke7 52. Ke2 Kf7 53. Bd3 Bd5 54.
Kf2 Kf8 55. Kg3 Ke7 56. Kf4 Kf7 57. e4 fxe4 58. Bxe4 Bc4 59. Bc6 Bd5 60. Bxd5
exd5 61. Ke3 1/2-1/2

[Event "4NCL-9899B COU-WG2"]
[Site "Rd11-Birmingham"]
[Date "1999.05.03"]
[Round "11.3"]
[White "Wall, Tim"]
[Black "Sowray, Peter"]
[Result "1/2-1/2"]
[WhiteElo "2367"]
[BlackElo "2336"]
[PlyCount "128"]
[EventDate "1999.05.03"]

1. e4 g6 2. Nc3 Bg7 3. f4 d6 4. Bc4 Nf6 5. d3 c6 6. Bb3 Bg4 7. Qd2 Qd7 8. h3
Be6 9. Nf3 Bxb3 10. axb3 O-O 11. Qf2 c5 12. O-O Nc6 13. Be3 b6 14. Rae1 d5 15.
Bc1 e6 16. e5 Ne8 17. Qh4 Qe7 18. Qf2 Nc7 19. Kh1 f5 20. exf6 Bxf6 21. Re2 Qg7
22. Rfe1 Rae8 23. Qg3 Nd4 24. Nxd4 Bxd4 25. Bd2 Rf7 26. Nd1 Ref8 27. c3 Bf6 28.
Ne3 h5 29. Nf1 Be7 30. Nh2 Bd6 31. Nf3 Bxf4 32. Bxf4 Rxf4 33. Re5 R4f5 34. Nh4
Rxe5 35. Rxe5 Kh7 36. Rg5 Rf6 37. Nxg6 Rxg6 38. Rxg6 Qxg6 39. Qxc7+ Kh6 40. Qe5
Qxd3 41. Qxe6+ Kg5 42. Qe7+ Kf4 43. Qxa7 Qd1+ 44. Kh2 Qxb3 45. Qf7+ Ke3 46.
Qxh5 Qxb2 47. Qf3+ Kd2 48. Qxd5+ Kxc3 49. h4 Qf2 50. Qg5 b5 51. h5 b4 52. h6 b3
53. h7 Qd4 54. Qc1+ Kb4 55. Qh6 Qh8 56. Qb6+ Ka4 57. Qa6+ Kb4 58. Qb6+ Ka4 59.
Qc6+ Kb4 60. Qg6 b2 61. Qb6+ Ka4 62. Qa6+ Kb4 63. Qb6+ Ka4 64. Qc6+ Kb4 1/2-1/2

[Event "4NCL-9899B COU-WG2"]
[Site "Rd11-Birmingham"]
[Date "1999.05.03"]
[Round "11.5"]
[White "Dunworth, Chris"]
[Black "Tiller, Bjorn"]
[Result "0-1"]
[WhiteElo "2305"]
[BlackElo "2377"]
[PlyCount "186"]
[EventDate "1999.05.03"]

1. d4 e6 2. e4 d5 3. e5 c5 4. c3 Nc6 5. Nf3 Qb6 6. a3 c4 7. Nbd2 Na5 8. Be2 Bd7
9. O-O O-O-O 10. Re1 Kb8 11. Nf1 Nb3 12. Rb1 f5 13. Ng3 Be8 14. h4 f4 15. Bxf4
Bg6 16. h5 Bxb1 17. Qxb1 Be7 18. Bd1 Rf8 19. Be3 Na5 20. Bc2 g6 21. hxg6 hxg6
22. Bxg6 Nh6 23. Kf1 Ng4 24. Ke2 Qd8 25. Rg1 Bh4 26. Nf1 Nc6 27. g3 Be7 28. Ne1
Bg5 29. f4 Bh6 30. Rh1 Ne7 31. Rh4 Nxe3 32. Nxe3 Rfg8 33. Rg4 Nxg6 34. Rxg6 Qe8
35. Rxg8 Qxg8 36. Kf2 Bxf4 37. gxf4 Rh3 38. N3g2 Qg3+ 39. Kg1 Qh2+ 40. Kf2 Qg3+
41. Kg1 Qh2+ 42. Kf1 Qg3 43. Qc2 Rh1+ 44. Ke2 Rg1 45. Kd1 Kc7 46. Qe2 Kd8 47.
a4 b6 48. Kc1 a6 49. Kb1 b5 50. axb5 axb5 51. Kc1 Ke7 52. Kd1 Kd8 53. Kc1 Ke7
54. Kd2 Kd8 55. Kd1 Ke7 56. Kd2 Kd8 57. Kc2 Ke7 58. Kb1 Kd8 59. Ka1 Ke7 60. Kb1
Kd8 61. Ka2 b4 62. cxb4 Qb3+ 63. Kb1 Qxb4 64. Qe3 Qa4 65. Qa3 Qd1+ 66. Ka2 Ke8
67. f5 exf5 68. Qa8+ Ke7 69. Qa7+ Kf8 70. Qc5+ Ke8 71. Qc6+ Kf8 72. Qf6+ Kg8
73. Qg5+ Kh8 74. Qh4+ Kg8 75. Qg3+ Kh8 76. Ka3 Qxd4 77. Qh3+ Kg8 78. Qxf5 Qb6
79. Qg4+ Kf8 80. Qf3+ Ke7 81. b4 Qa7+ 82. Kb2 Qd4+ 83. Qc3 Qf2+ 84. Ka3 Qa7+
85. Kb2 Qf2+ 86. Qc2 Qd4+ 87. Ka2 Qxe5 88. Qh7+ Kd6 89. Qg6+ Kd7 90. Qf7+ Kc6
91. b5+ Kb6 92. Qd7 Rxe1 93. Qc6+ Ka5 {time} 0-1

[Event "4NCL-9899B COU-WG2"]
[Site "Rd11-Birmingham"]
[Date "1999.05.03"]
[Round "11.6"]
[White "Wastney, Scott"]
[Black "Ledger, David"]
[Result "1/2-1/2"]
[WhiteElo "2155"]
[BlackElo "2208"]
[PlyCount "83"]
[EventDate "1999.05.03"]

1. Nf3 Nf6 2. c4 g6 3. g3 Bg7 4. Bg2 O-O 5. O-O d6 6. d4 c6 7. Nc3 Qa5 8. e4
Bg4 9. h3 Bxf3 10. Bxf3 Nfd7 11. Be3 a6 12. Rb1 c5 13. a3 cxd4 14. Bxd4 Bxd4
15. Qxd4 Nc6 16. Qe3 Qc5 17. Qxc5 dxc5 18. Be2 Nd4 19. f4 e5 20. Bd1 f5 21.
exf5 Nxf5 22. Bg4 Nb6 23. Bxf5 Rxf5 24. b3 exf4 25. Rxf4 Rxf4 26. gxf4 Rf8 27.
Rf1 Nc8 28. Nd5 Nd6 29. Re1 Nf5 30. Ne7+ Nxe7 31. Rxe7 Rf7 32. Re8+ Kg7 33. Rc8
b6 34. Rb8 Rf6 35. Rb7+ Kh6 36. Kg2 a5 37. a4 Rxf4 38. Rxb6 Rd4 39. Rb5 Rd2+
40. Kg3 Rd3+ 41. Kg2 Rd2+ 42. Kg3 1/2-1/2

[Event "4NCL-9899B COU-WG2"]
[Site "Rd11-Birmingham"]
[Date "1999.05.03"]
[Round "11.7"]
[White "Rosen, Daniel"]
[Black "Tan, Desmond"]
[Result "1/2-1/2"]
[WhiteElo "2228"]
[BlackElo "2165"]
[PlyCount "51"]
[EventDate "1999.05.03"]

1. e4 c5 2. f4 Nc6 3. Nf3 g6 4. Nc3 Bg7 5. Be2 e6 6. O-O Nge7 7. Qe1 O-O 8. d3
d6 9. Kh1 Nd4 10. Nxd4 cxd4 11. Nd1 Qc7 12. c3 dxc3 13. bxc3 b5 14. Bb2 Bb7 15.
Ne3 f5 16. exf5 exf5 17. Qd2 Nd5 18. Nxd5 Bxd5 19. Rac1 Qb7 20. Bd1 Rac8 21.
Bb3 Qf7 22. Bxd5 Qxd5 23. c4 bxc4 24. Bxg7 Kxg7 25. Qc3+ Kg8 26. dxc4 1/2-1/2

[Event "4NCL-9899B COU-WG2"]
[Site "Rd11-Birmingham"]
[Date "1999.05.03"]
[Round "11.8"]
[White "Lazhevskaya, Zhanna"]
[Black "Turvey, Syringa"]
[Result "1-0"]
[WhiteElo "2046"]
[BlackElo "1568"]
[PlyCount "59"]
[EventDate "1999.05.03"]

1. e4 c5 2. Nf3 d6 3. Nc3 e6 4. d4 cxd4 5. Nxd4 a6 6. Be3 Nf6 7. f3 Qc7 8. Qd2
Be7 9. O-O-O Nc6 10. g4 Ne5 11. g5 Nfd7 12. h4 Nc4 13. Bxc4 Qxc4 14. f4 b5 15.
Nb3 b4 16. Ne2 Bb7 17. Ng3 a5 18. Qd4 Qxd4 19. Bxd4 e5 20. Be3 f5 21. fxe5 dxe5
22. Nxf5 Bxe4 23. Nxg7+ Kf7 24. Rhf1+ Kxg7 25. Rxd7 Rae8 26. Bc5 Rhf8 27. Re1
Bxc2 28. Bxe7 Bxb3 29. Bxf8+ Kxf8 30. axb3 1-0

[Event "4NCL-9899B GUI-KH"]
[Site "Rd11-Birmingham"]
[Date "1999.05.03"]
[Round "11.2"]
[White "Thomas, Richard H"]
[Black "Povah, Nigel"]
[Result "0-1"]
[WhiteElo "2295"]
[BlackElo "2325"]
[PlyCount "58"]
[EventDate "1999.05.03"]

1. c4 e5 2. Nc3 Nf6 3. g3 Bb4 4. Bg2 O-O 5. e3 Bxc3 6. dxc3 e4 7. Ne2 b6 8. Nf4
d6 9. Nd5 Nbd7 10. O-O Bb7 11. b3 Re8 12. Bb2 Nc5 13. Ba3 Ncd7 14. f4 a5 15.
Rf2 h6 16. Bh3 Nh7 17. Rd2 Nc5 18. f5 Nd7 19. c5 bxc5 20. c4 Ne5 21. Bg2 Ng5
22. Kh1 Ngf3 23. Rf2 Ng4 24. Rxf3 exf3 25. Qxf3 Nxe3 26. Re1 Bxd5 27. cxd5 Nxg2
28. Rxe8+ Qxe8 29. Kxg2 Qe5 0-1

[Event "4NCL-9899B GUI-KH"]
[Site "Rd11-Birmingham"]
[Date "1999.05.03"]
[Round "11.3"]
[White "Anderton, Matthew"]
[Black "McMichael, Rick"]
[Result "0-1"]
[WhiteElo "2273"]
[BlackElo "2255"]
[PlyCount "78"]
[EventDate "1999.05.03"]

1. e4 e5 2. Nf3 d6 3. d4 exd4 4. Nxd4 Nf6 5. Nc3 Be7 6. Be2 O-O 7. O-O Re8 8.
Re1 a6 9. a4 c5 10. Nf3 Nc6 11. h3 h6 12. Bf4 Be6 13. Nd5 Bf8 14. Bc4 Nb4 15.
Qd2 Nbxd5 16. Bxd5 Nxd5 17. exd5 Bf5 18. Rxe8 Qxe8 19. c3 b5 20. b3 Rb8 21. a5
Qd8 22. b4 Rc8 23. Rc1 cxb4 24. cxb4 Rxc1+ 25. Qxc1 Be4 26. Qc6 Qf6 27. Bg3 h5
28. Nd2 Bd3 29. f3 Qd4+ 30. Kh2 Qxb4 31. Ne4 Bxe4 32. fxe4 g5 33. Qxa6 h4 34.
Bf2 Qxe4 35. Qb6 Bg7 36. Qd8+ Kh7 37. Qxg5 Be5+ 38. Kg1 b4 39. Bxh4 Qb1+ {
time? (scores very unclear for last few moves)} 0-1

[Event "4NCL-9899B GUI-KH"]
[Site "Rd11-Birmingham"]
[Date "1999.05.03"]
[Round "11.4"]
[White "Okike, David"]
[Black "Thompson, Ian"]
[Result "1-0"]
[WhiteElo "2145"]
[BlackElo "2278"]
[PlyCount "179"]
[EventDate "1999.05.03"]

1. e4 e6 2. d4 d5 3. Nc3 Bb4 4. e5 Ne7 5. Qg4 c5 6. a3 Bxc3+ 7. bxc3 Kf8 8. h4
Qa5 9. Bd2 Qa4 10. Kd1 b6 11. Rh3 Nbc6 12. Nf3 Ba6 13. Bxa6 Qxa6 14. h5 h6 15.
Nh4 Qc4 16. Qf4 Ke8 17. Rg3 Rg8 18. Rf3 Kd7 19. Rd3 Raf8 20. dxc5 Qxf4 21. Bxf4
bxc5 22. Nf3 Na5 23. Nd2 Kc6 24. g4 Rd8 25. Bg3 Nc4 26. Rf3 Nxd2 27. Kxd2 Rgf8
28. Bh4 Rd7 29. Bxe7 Rxe7 30. Rb1 f6 31. Re1 Rff7 32. exf6 gxf6 33. c4 d4 34.
Re4 e5 35. Rf5 Re6 36. f4 Rfe7 37. fxe5 fxe5 38. Rf8 Re8 39. Rf7 R8e7 40. Rf5
Kd6 41. Ke2 Rb7 42. Kd2 Rbe7 43. Kd3 Rb7 44. Rf8 Rbe7 45. Rf3 Rg7 46. Rf5 Rge7
47. Ke2 Rb7 48. Rf8 Rbe7 49. Kf3 Re8 50. Rf5 Rb8 51. Re2 Rb1 52. Kg2 Rb2 53.
Ref2 e4 54. g5 e3 55. Re2 hxg5 56. Rxg5 Re5 57. Rxe5 Kxe5 58. Kf3 Rb6 59. Rh2
Rf6+ 60. Ke2 Rh6 61. c3 dxc3 62. Kxe3 c2 63. Kd2 c1=Q+ 64. Kxc1 Kd4 65. Kc2
Kxc4 66. Rh4+ Kb5 67. Kc3 c4 68. Rh3 Ra6 69. Kc2 Rh6 70. Rh4 Ka4 71. Rh3 c3 72.
Kxc3 Kxa3 73. Kc4+ Kb2 74. Rb3+ Kc2 75. Rb5 Rd6 76. Ra5 a6 77. Ra2+ Kb1 78. Rh2
Rh6 79. Kd4 Ka1 80. Ke4 Kb1 81. Kf5 a5 82. Ke4 a4 83. Kd3 a3 84. Kc3 Rb6 85. h6
Rb2 86. Rh1+ Ka2 87. h7 Rc2+ 88. Kb4 Rc8 89. h8=Q Rxh8 90. Rxh8 1-0

[Event "4NCL-9899B GUI-KH"]
[Site "Rd11-Birmingham"]
[Date "1999.05.03"]
[Round "11.5"]
[White "James, Russell"]
[Black "Mackenzie, Colin"]
[Result "1/2-1/2"]
[WhiteElo "2155"]
[BlackElo "2125"]
[PlyCount "104"]
[EventDate "1999.05.03"]

1. e4 e6 2. d4 d5 3. Nc3 Bb4 4. e5 c5 5. Bd2 Ne7 6. a3 cxd4 7. axb4 dxc3 8.
Bxc3 Bd7 9. Nf3 Qb6 10. Bd3 Na6 11. Qd2 Bb5 12. Bxb5+ Qxb5 13. Nd4 Qd7 14. O-O
O-O 15. f4 Nc7 16. Qd3 Nc6 17. Nf3 h6 18. b5 Ne7 19. Bb4 Rfe8 20. Bxe7 Qxe7 21.
Nd4 Qc5 22. Kh1 a6 23. bxa6 bxa6 24. f5 Nb5 25. fxe6 fxe6 26. Nf3 Qc4 {
(Draw offer)} 27. Qxc4 dxc4 28. c3 Red8 29. Ra4 a5 30. Rxc4 a4 31. Rb4 Ra5 32.
Nd4 Nxd4 33. cxd4 a3 34. bxa3 Rxa3 {(Draw offer)} 35. h3 Rd3 36. Rb6 R3xd4 37.
Rxe6 Rd1 38. Rxd1 Rxd1+ 39. Kh2 Kf7 40. Ra6 Re1 41. Ra5 Ke6 42. Ra7 g6 43. Ra6+
Kf5 44. Rf6+ Kg5 45. h4+ Kxh4 46. Rxg6 Kh5 47. Re6 Kg5 48. Kg3 h5 49. Kf2 Re4
50. Kf3 Re1 51. Re8 Kf5 52. Rh8 Kg5 1/2-1/2

[Event "4NCL-9899B GUI-KH"]
[Site "Rd11-Birmingham"]
[Date "1999.05.03"]
[Round "11.6"]
[White "Gilfillan, Andrew"]
[Black "Norman, Ken"]
[Result "0-1"]
[WhiteElo "2032"]
[BlackElo "2172"]
[PlyCount "77"]
[EventDate "1999.05.03"]

1. b3 e5 2. Bb2 d6 3. e3 Nf6 4. c4 g6 5. Nc3 Bg7 6. d4 exd4 7. exd4 O-O 8. Be2
Bf5 9. Nf3 Nc6 10. O-O Re8 11. Re1 a5 12. Rc1 Ne4 13. Nd5 Nb4 14. Ne3 Nxa2 15.
Nxf5 gxf5 16. Ra1 Nac3 17. Qc2 Nxe2+ 18. Rxe2 Qf6 19. Rae1 Kf8 20. h3 Ng5 21.
Nxg5 Qxg5 22. Qd3 b6 23. Qf3 Rab8 24. Qb7 Rec8 25. Qc6 Bf6 26. Qd5 f4 27. Qe4
b5 28. Qxh7 bxc4 29. h4 Qg6 30. Qxg6 fxg6 31. bxc4 Re8 32. Bc3 a4 33. h5 gxh5
34. Re4 Bg5 35. d5 Rxe4 36. Rxe4 a3 37. c5 Ra8 38. cxd6 cxd6 39. f3 {time} 0-1

[Event "4NCL-9899B GUI-KH"]
[Site "Rd11-Birmingham"]
[Date "1999.05.03"]
[Round "11.7"]
[White "Punnett, Alan"]
[Black "Compton, Alistair"]
[Result "0-1"]
[WhiteElo "2160"]
[BlackElo "2035"]
[PlyCount "54"]
[EventDate "1999.05.03"]

1. d4 d5 2. c4 dxc4 3. Nf3 Nf6 4. e3 e6 5. Bxc4 a6 6. O-O c5 7. a4 Nc6 8. Nc3
Be7 9. Qe2 O-O 10. Rd1 Qc7 11. dxc5 Bxc5 12. e4 Ng4 13. Be3 Nxe3 14. fxe3 Ne5
15. Nxe5 Qxe5 16. a5 Qg5 17. Rd3 Bb4 18. Qc2 Bxa5 19. Nd5 b5 20. Bb3 Bd8 21.
Nb4 Bb7 22. Rc3 Bf6 23. Rc7 Qxe3+ 24. Kh1 Bxe4 25. Qd1 Rfd8 26. Qe1 Qxb3 27.
Qxe4 Rd1+ 0-1

[Event "4NCL-9899B GUI-KH"]
[Site "Rd11-Birmingham"]
[Date "1999.05.03"]
[Round "11.8"]
[White "Kelly, Alex"]
[Black "Norman, Dinah"]
[Result "0-1"]
[WhiteElo "1400"]
[BlackElo "2064"]
[PlyCount "156"]
[EventDate "1999.05.03"]

1. e4 c6 2. d4 d5 3. Nd2 dxe4 4. Nxe4 Nd7 5. Bc4 Ngf6 6. Nxf6+ Nxf6 7. Nf3 Bf5
8. c3 e6 9. O-O Be7 10. h3 Nd5 11. Bd3 Bxd3 12. Qxd3 O-O 13. Ne5 Rc8 14. f4 c5
15. Kh1 cxd4 16. Qxd4 Bc5 17. Qe4 f5 18. Qe2 Rf6 19. c4 Nb6 20. b3 Qc7 21. Bb2
Rh6 22. Rad1 Rd8 23. Rxd8+ Qxd8 24. Rd1 Qc7 25. Qd2 Be7 26. Nd7 Qc6 27. Kh2 Qe4
28. Nxb6 axb6 29. Be5 Rg6 30. Re1 Qc6 31. Re3 Bh4 32. Rd3 h6 33. Rf3 Qe4 34.
Qd3 Qe1 35. Bc3 Qc1 36. Qd2 Qa3 37. Bd4 Qd6 38. Qd3 Qc6 39. Be5 Qc5 40. Qd6 Qa5
41. a3 Qe1 42. Qd3 Bf2 43. Rxf2 Qxf2 44. Qf3 Qxf3 45. gxf3 Kf7 46. h4 h5 47.
Bd4 Ke8 48. b4 Kd7 49. Bxb6 e5 50. Be3 exf4 51. Bxf4 Ra6 52. Bc1 Rd6 53. Kg3 g6
54. c5 Rd1 55. Bb2 Kc6 56. a4 Kd5 57. Kf4 Kc4 58. Be5 Kxb4 59. Bd6 Kxa4 60. Kg5
Rg1+ 61. Kh6 Kb5 62. Be7 f4 63. Bg5 Kxc5 64. Kxg6 Rg3 65. Kxh5 Rxf3 66. Kg4 Rf1
67. Bxf4 Rh1 68. Be3+ Kd5 69. h5 b5 70. Bd2 Ke4 71. Kg5 Kd3 72. Bb4 Kc4 73. Be7
b4 74. Kg6 b3 75. Bf6 Kd5 76. h6 Ke6 77. h7 Rxh7 78. Kxh7 Kxf6 0-1

[Event "4NCL-9899B IK2-BIG2"]
[Site "Rd11-Birmingham"]
[Date "1999.05.03"]
[Round "11.1"]
[White "Taylor, Martin"]
[Black "Evans, Raymond"]
[Result "0-1"]
[WhiteElo "2070"]
[BlackElo "2159"]
[PlyCount "122"]
[EventDate "1999.05.03"]

1. c4 Nf6 2. g3 g6 3. Bg2 Bg7 4. Nc3 O-O 5. e4 e5 6. Nge2 d6 7. O-O Nbd7 8. d3
c6 9. h3 a6 10. a4 a5 11. f4 Nc5 12. Be3 Nfd7 13. f5 Bf6 14. Rb1 Bg5 15. Bf2 h5
16. b3 Nf6 17. d4 exd4 18. Nxd4 Qe7 19. Qc2 Nfd7 20. Nf3 Bf6 21. fxg6 fxg6 22.
Bxc5 Nxc5 23. e5 Bf5 24. exf6 Qe3+ 25. Qf2 Qxc3 26. Rbd1 Ne4 27. Qd4 Rxf6 28.
Qxc3 Nxc3 29. Rde1 Bd3 30. Rf2 Ne4 31. Rb2 Nxg3 32. Nd4 Nf5 33. Nxf5 Bxf5 34.
Re7 Rf7 35. Rbe2 Raf8 36. Rxf7 Rxf7 37. Re8+ Kg7 38. Ra8 Bc2 39. Rxa5 Bxb3 40.
Bf1 Re7 41. Ra7 Kf6 42. a5 d5 43. cxd5 cxd5 44. a6 bxa6 45. Rxa6+ Re6 46. Ra3
Bc4 47. Bg2 Ke5 48. Re3+ Kd6 49. Rf3 d4 50. Rf8 d3 51. Rd8+ Kc5 52. Kf2 Re2+
53. Kg3 Kb4 54. Bf3 Re5 55. Kf4 Rf5+ 56. Ke3 Kc3 57. Be4 Re5 58. Kf4 Re6 59. h4
d2 60. Ke3 Rxe4+ 61. Kxe4 Kc2 0-1

[Event "4NCL-9899B IK2-BIG2"]
[Site "Rd11-Birmingham"]
[Date "1999.05.03"]
[Round "11.2"]
[White "Thomas, Nick"]
[Black "Shephard, Martin"]
[Result "0-1"]
[WhiteElo "2225"]
[BlackElo "2136"]
[PlyCount "104"]
[EventDate "1999.05.03"]

1. e4 Nf6 2. e5 Nd5 3. d4 d6 4. Nf3 g6 5. Be2 Bg7 6. O-O O-O 7. c4 Nb6 8. exd6
exd6 9. Bg5 Bf6 10. Bxf6 Qxf6 11. h3 Nc6 12. Nc3 Bf5 13. Rc1 a6 14. g4 Bd7 15.
Nd5 Qd8 16. Nxb6 cxb6 17. d5 Ne7 18. Qd2 f5 19. Qh6 Rf7 20. Ng5 Rg7 21. Bf3 Kh8
22. Ne6 Bxe6 23. dxe6 Nc6 24. Qf4 Ne5 25. Rcd1 Qe7 26. Bd5 fxg4 27. hxg4 Rf8
28. Qg3 g5 29. Rd4 Rf4 30. Rfd1 Nxg4 31. Bg2 Rxd4 32. Rxd4 Ne5 33. Bd5 Qf6 34.
Kg2 Ng6 35. Qxd6 Qxd4 36. Qd8+ Rg8 37. e7 Nxe7 38. Qxe7 Qg7 39. Qe3 Rf8 40.
Qxb6 Qf6 41. Qe3 Qxb2 42. c5 g4 43. Kg3 Qg7 44. Qe6 Qc7+ 45. Kxg4 Qf4+ 46. Kh3
Qxf2 47. Bxb7 Qxc5 48. Bd5 Qc8 49. Qxc8 Rxc8 50. Bb7 Rc3+ 51. Kg4 Ra3 52. Bd5
Ra5 0-1

[Event "4NCL-9899B IK2-BIG2"]
[Site "Rd11-Birmingham"]
[Date "1999.05.03"]
[Round "11.3"]
[White "Garner, David"]
[Black "Acey, G."]
[Result "1/2-1/2"]
[WhiteElo "2092"]
[BlackElo "2128"]
[PlyCount "139"]
[EventDate "1999.05.03"]

1. e4 Nf6 2. e5 Nd5 3. d4 d6 4. Nf3 Bg4 5. Be2 c6 6. exd6 exd6 7. h3 Bf5 8. O-O
Be7 9. c4 Nb6 10. Nc3 O-O 11. Bf4 N8d7 12. d5 c5 13. Bd3 Bxd3 14. Qxd3 Nf6 15.
Rfe1 Qd7 16. b3 Rae8 17. Re2 Nc8 18. Rae1 Bd8 19. Ng5 Ba5 20. Bd2 Rxe2 21. Rxe2
Ne7 22. Nce4 Nxe4 23. Qxe4 f5 24. Qh4 h6 25. Bxa5 hxg5 26. Qxg5 Rf7 27. f4 b5
28. Bc3 Qb7 29. Kh2 Kf8 30. Re6 Qb8 31. Qh5 Qc7 32. Qe2 bxc4 33. bxc4 Qb8 34.
Ba5 Ng8 35. Qc2 a6 36. Qa4 Nf6 37. Qc6 Ne4 38. Qxa6 Ra7 39. Qb6 Qxb6 40. Bxb6
Rxa2 41. Bc7 Rc2 42. Bxd6+ Nxd6 43. Rxd6 Rxc4 44. Rc6 Rxf4 45. Rxc5 Rd4 46. Kg3
Ke7 47. Ra5 Kf6 48. Ra6+ Ke7 49. d6+ Rxd6 50. Rxd6 Kxd6 51. Kf4 Ke6 52. Kg5 Ke5
53. h4 Ke4 54. h5 f4 55. Kg6 Ke3 56. Kxg7 Kf2 57. h6 Kxg2 58. h7 f3 59. h8=Q f2
60. Qa8+ Kg1 61. Qa7 Kh1 62. Qb7+ Kg1 63. Qb6 Kh1 64. Qc6+ Kg1 65. Qc5 Kh1 66.
Qd5+ Kg1 67. Qd4 Kh1 68. Qe4+ Kg1 69. Qe3 Kh1 70. Qxf2 1/2-1/2

[Event "4NCL-9899B IK2-BIG2"]
[Site "Rd11-Birmingham"]
[Date "1999.05.03"]
[Round "11.4"]
[White "Cast, Abigail"]
[Black "Noakes, Matthew"]
[Result "1/2-1/2"]
[WhiteElo "2130"]
[BlackElo "2016"]
[PlyCount "72"]
[EventDate "1999.05.03"]

1. d4 Nf6 2. Nf3 e6 3. Bg5 c5 4. c3 cxd4 5. cxd4 d5 6. Nc3 h6 7. Bxf6 Qxf6 8.
e3 Nc6 9. Bb5 Bd6 10. O-O O-O 11. Rc1 Bd7 12. e4 dxe4 13. Nxe4 Qe7 14. d5 exd5
15. Qxd5 Bf4 16. Rcd1 Be6 17. Qc5 Bg4 18. Bxc6 Qxc5 19. Nxc5 bxc6 20. Rd4 Bxf3
21. Rxf4 Bd5 22. Rd4 Rfe8 23. Rd2 Re7 24. b3 Rae8 25. f3 g5 26. Na4 f5 27. Nc3
Bf7 28. Rd6 Re6 29. Rfd1 Kg7 30. Rd7 R8e7 31. Rxe7 Rxe7 32. Kf2 Kf6 33. Rd6+
Re6 34. Rd7 Re7 35. Rd6+ Re6 36. Rd7 Re7 1/2-1/2